Quel est ce Pokémon - Première Génération ? (Aléatoire) - Statistiques

Statistiques générales
  • Ce quiz a été pris 194 fois
  • Le résultat moyen est 17 sur 20
Statistiques - réponses
Par images Réponse % Correct
Akwakwak
100%
Amonita
100%
Aquali
100%
Artikodin
100%
Caninos
100%
Carabaffe
100%
Chrysacier
100%
Dracolosse
100%
Évoli
100%
Florizarre
100%
Galopa
100%
Insécateur
100%
Kangourex
100%
Kicklee
100%
Léviator
100%
Machopeur
100%
Mélofée
100%
Mewtwo
100%
Miaouss
100%
Noeunoeuf
100%
Onix
100%
Osselait
100%
Papilusion
100%
Pikachu
100%
Poissirène
100%
Porygon
100%
Rafflesia
100%
Raichu
100%
Reptincel
100%
Sablaireau
100%
Salamèche
100%
Stari
100%
Staross
100%
Tentacruel
100%
Triopikeur
100%
Aspicot
95%
Grolem
95%
Grotadmorv
95%
Magnéti
94%
Chenipan
93%
Herbizarre
93%
Lippoutou
93%
Mystherbe
93%
Ramoloss
93%
Rattata
93%
Bulbizarre
92%
Canarticho
92%
Doduo
92%
Dracaufeu
92%
Fantominus
92%
Magicarpe
92%
Magmar
92%
Nidorino
92%
Pyroli
92%
Roucool
92%
Sulfura
92%
Tadmorv
92%
Tortank
92%
Voltali
92%
Voltorbe
92%
Alakazam
91%
Goupix
91%
Ossatueur
91%
Rattatac
91%
Scarabrute
91%
Taupiqueur
91%
Abra
90%
Carapuce
90%
Mackogneur
90%
Smogo
90%
Smogogo
90%
Tauros
90%
Férosinge
89%
Nidoking
89%
Racaillou
89%
Abo
88%
Mew
88%
Nosferapti
88%
Rapasdepic
88%
Ronflex
88%
Crustabri
87%
Magnéton
87%
Métamorph
87%
Piafabec
87%
Roucarnage
87%
Spectrum
87%
Boustiflor
86%
Krabby
86%
Nidorina
86%
Persian
86%
Arcanin
85%
Coconfort
85%
Draco
85%
Minidraco
85%
Nidoran femelle
85%
Sabelette
85%
Tygnon
85%
Dardargnan
83%
Électrode
83%
Excelangue
83%
Nosferalto
83%
Poissoroy
83%
Roucoups
83%
Tartard
83%
Tentacool
83%
Nidoqueen
82%
Paras
82%
Rondoudou
82%
Noadkoko
81%
Rhinoféros
81%
Gravalanch
80%
Psykokwak
80%
Ptéra
80%
Mélodelfe
79%
Colossinge
78%
Feunard
78%
Flagadoss
78%
Leveinard
78%
Élektek
77%
Kabuto
77%
Ponyta
77%
Grodoudou
75%
Hypnomade
75%
Lamantine
75%
Machoc
75%
Otaria
75%
Ptitard
75%
Empiflor
73%
Kabutops
73%
Kadabra
73%
Krabboss
73%
Lokhlass
73%
Ortide
73%
Soporifik
73%
Ectoplasma
71%
Amonistar
70%
Mimitoss
70%
Rhinocorne
70%
Hypocéan
69%
Hypotrempe
69%
Aéromite
67%
Chétiflor
67%
M. Mime
67%
Électhor
64%
Têtarte
64%
Dodrio
63%
Kokiyas
63%
Arbok
62%
Parasect
57%
Nidoran mâle
56%
Saquedeneu
45%
Aucun quiz correspondant
Distribution des résultats
% des personnes avec chaque résultat
Percentile par nombre de réponses
Votre historique - résultats
Vous n’avez pas pris ce quiz